00515nam a2200193 a 4500001001300000003000900013005001700022008004100039020001000080082001500090100002300105245003900128260003800167300000900205500003500214505002600249650002300275700002300298nice12345678IN_TiNIC20260116011800.0050524s1942 lona grp 000 0 eng  ac10000a221.9bPHI aPhilips, Godfrey E aOld Testament in the World Church. aLondon bLutterworth Press c1942 a165p aincludes index and biblioraphy2 aBibliographical notes aBible O.T. History1 aPhilips, Godfrey E